000 00706nam a2200277Ia 4500
005 20260324112703.0
008 008 260324s9999 xx 000 0 eng d
020 _a9781003465904
037 _aEBOOK
040 _aCRL
040 _beng
040 _cCRL
041 _2eng
041 _aeng
084 _qCRL
100 _aSaravanan Krishnan; A. Jose Anand; S. Sendhilkumar
_91143736
245 0 _aHandbook of Industrial and Business Applications with Digital Twins
260 _bTaylor and Francis
260 _c2024
365 _a
365 _b290
856 _uhttp://www.taylorfrancis.com/books/9781003465904
942 _cEBOOK
999 _c1733037
_d1733037